Quizzes
Events
Quiz Creation
Community
Videos
Private Events
Remove Ads
Sign In
Join for FREE
Feedback
Dark Mode
Quiz Categories
Sports
Geography
Music
Movies
Television
Just For Fun
Miscellaneous
History
Literature
Language
Science
Gaming
Entertainment
Religion
Holiday
For Kids
Quiz Lab
Recent
Popular Today
Quiz Kudos Today
Editor Picks
Curator Picks
Quizzes by...
Day
Popularity
Type
Ratings
Length
Year
Community
Subscriptions
Recent Discussions
Orange Saloon
Badges
Playlists
Quests
Create
Leaderboards
Showdown
Live 5
Trivia Bingo
Activity
Puzzle Library
Sporcle Events
Private Events
Virtual Trivia
Globe League
Become a Host
Pub Owners
SporcleCon
Opinionation
Our Games
Videos
Blog
Mobile Apps
Partnerships
Remove Ads and Go Orange
Feedback
Music
Pop Music
The Beatles
Song
Album
Lyrics
Bands
Singers
Artist
Clip
Rock
Rap
Classical
Billboard
Country Music
Kpop
Taylor Swift
Music
Pop Music
The Beatles
Song
Album
Lyrics
Bands
Singers
Artist
Clip
Rock
Rap
Classical
Billboard
Country Music
Kpop
Taylor Swift
Random Quiz
Search Sporcle
×
Quiz Lab
Quiz Lab
Music
Artist
Type in answers that appear in a list
Type in answers that appear in a list
Classic
Best Score? Go Orange.
Popular '90s Bands Stats
Can you name the Popular '90s Bands?
By
glorifier
4m
19 Questions
464 Plays
464 Plays
464 Plays
Comments
Comments
Give Quiz Kudos
Give Quiz Kudos
-
- Ratings
hide this ad
Replay
Link that replays current quiz
Next Quiz
Link to next quiz in quiz playlist
You Got
0%
They Got
Avg Score
63%
Avg Friend Score
Upgrade to see
Score Distribution
Jump to the score distribution portion of the page
Score
0/19
Timer
04:00
0
Plays Today
Popular Song
Band
% Correct
Smells Like Teen Spirit
Nirvana
97%
Under The Bridge
Red Hot Chili Peppers
90.3%
Black Hole Sun
Soundgarden
89.7%
Even Flow
Pearl Jam
86.6%
Iris
Goo Goo Dolls
85.8%
Sabotage
Beastie Boys
82.5%
Everlong
Foo Fighters
80%
Man In The Box
Alice In Chains
76.5%
Bulls On Parade
Rage Against The Machine
71.3%
Cherub Rock
Smashing Pumpkins
68.8%
Popular Song
Band
% Correct
My Name Is Jonas
Weezer
65.7%
Hey Jealousy
Gin Blossoms
53.2%
One
U2
48.9%
Good Riddance (Time of Your Life)
Green Day
47.6%
Hunger Strike
Temple of the Dog
43.5%
Don't Look Back In Anger
Oasis
39.4%
Plush
Stone Temple Pilots
33.4%
Lightning Crashes
Live
30%
Story of My Life
Social Distortion
14.2%
Quiz Playlist
Details
Report
Send in Message
Add To Playlist
Classic:
Type in answers that appear in a list
Last Updated: Feb 16, 2017
Quiz Scoreboard
CHALLENGE
Sign Up to Join the Scoreboard
Show All
Scores
Hide
Comments
May contain spoilers
Recently Published
9x9 Crossword: Cartoon Network
by jackfrog10
Miscellaneous
3m
College Basketball Coaching Resumes
by pancakes188
Sports
9m
Billboard Blitz: Fleetwood Mac
by CooCooCachoo
Music
15s
More to Explore
Quiz From the Vault
Featured Blog Post
Where Did the Easter Bunny Come From?
hide this ad
You Might Also Like...
Tags
Artist Quiz
Bands Quiz
Popular Quiz
1990s
Today's Top Quizzes in Music
Browse Music
hide this ad
Today's Top Quizzes in Artist
Browse Artist
Top Contributed Quizzes in Music
1
Taylor Swift All Songs (2024)
2
Guess the Artist- 70s Songs
3
7-to-1: Billboard Hot 100 #1 Hits of 2010s
4
Taylor Swift Logic Puzzle
5
Sorting Albums and Songs
6
KPOP LOGIC QUIZ
7
Guess the Taylor Swift song (Mystery Song)
8
Guess The Taylor Swift Lyrics Song #1
9
Billboard Blitz: ABBA
10
Billboard Blitz: The Beatles
Explore More
Trending Topics
Marvel
Disney
NBA
Harry Potter
Crossword
Kpop
Anime
Pokémon
Country
Soccer
Song
Puzzle
The Office
NFL
WWE
hide this ad
More By:
glorifier
Quiz
Plays
Rating
Category
Featured
Created
Classic Rock Bands A-Z
539
3.00
Music
Dec 9, 2010
Popular '90s Bands
464
4.00
Music
Dec 1, 2010
Temple of the Dog Songs
232
4.57
Music
Jan 12, 2011
The Most Awesome King of Norway
187
2.00
History
Apr 29, 2012
Boston's Greatest Hits
95
5.00
Music
Nov 30, 2010
Go to Creator's Profile
Score Distribution
Quiz Creator Spotlight
glorifier
Follow
Send a Message
Quizzes Created
-
Created Quiz Play Count
-
More By This Creator
Popular Quizzes Today
1
Find the US States - No Outlines Minefield
2
Find the Countries of Europe - No Outlines Minefield
3
The Countries of the World
4
Find the US States
5
Risky Map Clicking: Biggest States A-Z
6
US States
7
Popular People in 1961
8
Movies - When Are They Set?
More Music Quizzes
Guess the BTS MV by screenshot
Quiz Lab
Trending Quizzes
Risky Map Clicking: Least Populous States A-Z
1-10 Letter G Words
Risky Map Clicking: Next State Alphabetically
Adjectives in 80s TV Shows
Risky Map Clicking: Biggest States A-Z
Recently Updated
Leaping Animals
pecheneg
Reality TV Shows (A-Z)
bhenderson79
Rickey Henderson's Hall of Fame Teammates
pecheneg
Champions League XIs: Arsenal
pecheneg
Quick Pick: Celebrities in WWE's Hall of Fame
aduchscher
A-Z Keypad Blitz II
pecheneg
Multiple Oscar Actors
pecheneg
Mystery Phrase Blitz: Oscar 'Best Actors'
pecheneg
F. Scott Fitzgerald Novels
LTH
Pick 3 Villains
ddd62291
Trending Topics
NBA
Marvel
Harry Potter
Disney
Kpop
Anime
Crossword
Puzzle
Soccer
NFL
WWE
Pokémon
The Office
Song
Country
Your Account Isn't Verified!
In order to create a playlist on Sporcle, you need to verify the email address you used during registration. Go to your
Sporcle Settings
to finish the process.
Report this User
Report this user for behavior that violates our
Community Guidelines
.
Details:
Send Report
Go to the Sporcle.com Mobile Site →
Comments